Países más grandes como un porcentaje de un continente - Estadísticas

Estadísticas generales
  • Esta prueba ha sido intentada 5.338 veces
  • La puntuación promedio es 16 de 19
Estadísticas de respuestas
% País % Correcto
38,9%, 30,0% Rusia
99%
85,4% Australia
98%
47,7% Brasil
98%
40,8% Canadá
98%
21,8% China
98%
38,9% Estados Unidos
98%
15,6% Argentina
94%
7,5% India
90%
8,0% México
90%
7,7% R. D. Congo
81%
7,8% Argelia
78%
5,4% Francia
74%
6,4% Colombia
73%
6,2% Kazajistán
73%
7,2% Perú
72%
5,9% Ucrania
71%
6,2% Sudán
63%
5,8% Libia
56%
6,2% Bolivia
54%
No se encontraron pruebas coincidentes
Distribución de puntuación
Porcentaje de gente con cada puntuación
Porcentaje por número respondido
Historial de tus puntuaciones
No has intentado esta prueba.